Direito penal / (Record no. 457)

MARC details
000 -LÍDER
Campo Fixo de Controle 00800nam a2200253 a 4500
001 - NÚMERO DE CONTROLE
Campo de Controle 457
003 - IDENTIFICAÇÃO DO NÚMERO DE CONTROLE
Campo de Controle BR-CuiBMT
005 - DATA E HORA DA ÚLTIMA ATUALIZAÇÃO
Campo de Controle 20231124225933.0
008 - DADOS FIXOS
Dados Fixos 231107b2004 spb 000 0 por d
020 ## - INTERNATIONAL STANDARD BOOK NUMBER
Nº do ISBN 850204656
040 ## - AGÊNCIA CATALOGADORA
Código da Agência Catalogadora BR-CuiBMT
Agência que transcreveu o registro BR-CuiBMT
080 ## - Nº DA CLASSIFICAÇÃO DECIMAL UNIVERSAL
Nº edição CDU 2007
Nº Class. CDU 343.2
090 ## - NÚMERO DE CHAMADA
Nº classificação 343.2
Cutter J58d
Ano/Edição 26. ed.
100 1# - ENTRADA PRINCIPAL -- AUTOR PESSOAL
Nome pessoal Jesus, Damásio E. de
Forma completa do nome (Damásio Evangelista de),
Datas associadas ao nome 1935-2020
245 10 - TÍTULO PRINCIPAL
Título principal Direito penal /
Indicação de responsabilidade Damásio E. de Jesus.
250 ## - EDIÇÃO
Edição 26. ed., atual.
260 ## - PUBLICAÇÃO, DISTRIBUIÇÃO, ETC.
Local de publicação São Paulo :
Editora Saraiva,
Data 2004.
300 ## - DESCRIÇÃO FÍSICA
N. páginas ou volumes v. ;
Dimensões 24 cm
505 1# - NOTA DE CONTEÚDO
Nota de conteúdo v. 2. Parte especial : dos crimes contra a pessoa e dos crimes contra o patrimônio
650 ## - ASSUNTO TÓPICO
Cabeçalho tópico ou nome geográfico Direito penal
Subdivisão geográfica Brasil
650 ## - ASSUNTO TÓPICO
Cabeçalho tópico ou nome geográfico Crimes contra a pessoa
Subdivisão geográfica Brasil
650 ## - ASSUNTO TÓPICO
Cabeçalho tópico ou nome geográfico Crimes contra o patrimônio
Subdivisão geográfica Brasil
942 ## - ELEMENTOS DE ENTRADA ADICIONAIS (KOHA)
Fonte de classificação ou esquema de arquivamento Classificação Decimal Universal
Tipo de item do Koha Livros
Holdings
Estado: removido Estado: perdido Fonte de classificação ou esquema de arquivamento Estado: danificado Indisponível para empréstimo Localização permanente Localização atual Data de aquisição Numeração serial ou cronológica (Volume) Total Checkouts Número de Chamada completo Código de barras Date last seen Número do exemplar Preço efetivo a partir de Tipo de item (Koha)
    Classificação Decimal Universal     Biblioteca da Escola Superior de Contas do TCE/MT Biblioteca da Escola Superior de Contas do TCE/MT 07/11/2023 v. 2   343.2 J58d 26. ed. BIBTCEMT23110210 07/11/2023 Ex. 1 07/11/2023 Livros

Powered by Koha